Фантастика от "А" до "Я" (основные понятия и термины: Краткий энциклопедический справочник

Dades bibliogràfiques
Autor principal: Осипов Александр Николаевич
Idioma:rus
Publicat: Москва, Дограф, 1999
Matèries:
Format: Llibre
KOHA link:https://koha.lib.tpu.ru/cgi-bin/koha/opac-detail.pl?biblionumber=29943

MARC

LEADER 00000nam0a2200000 4500
001 29943
005 20231030203714.0
010 |a 5934310011 
035 |a (RuTPU)RU\TPU\book\30210 
035 |a BOOK00030286 
090 |a 29943 
100 |a 20011209d1999 u y0rusy50 ca 
101 0 |a rus 
102 |a RU 
105 |a  e 001ay 
200 1 |a Фантастика от "А" до "Я" (основные понятия и термины  |e Краткий энциклопедический справочник  |f А. Н. Осипов 
210 |a Москва  |c Дограф  |d 1999 
215 |a 352 с. 
320 |a Имен. указ.: с. 331-338. 
320 |a Алф. указ. назв. произведений: с. 338-348. 
320 |a Предм.-темат. указ.: с. 348-351. 
610 1 |a литературоведение 
610 1 |a жанры 
610 1 |a фантастика 
675 |a 801.51  |v 3 
700 1 |a Осипов  |g Александр Николаевич 
801 0 |a RU  |b 63413507  |c 20011209  |g PSBO 
942 |c BK